000 01304cam a2200349 a 4500
001 1873
003 FISKH
005 20231006111721.0
008 090504s2010 nyu j b 001 0 eng
010 _a 2009018420
020 _a9780531205785 (hardcover)
020 _a9780531212417
040 _aDLC
_cDLC
_beng
_dDLC
050 0 0 _aF314.S893
_b.S893 2010
082 _a975.9
100 1 _aSuben, Eric.
245 1 4 _aThe Spanish missions of Florida /
_cby Eric Suben.
260 _aNew York :
_bScholastic,
_c2010.
300 _a48 pages :
_bmap ; color illustrations ;
_c22 cm
490 0 _aA true book
505 0 _aZ
520 _aLearn about Spanish Missions in Florida and what foods the Spanish introduced to Florida.
521 8 _a910
_bLexile
521 8 _aZ
_bRaz-Plus
610 2 0 _aFranciscans
_xMissions
_zFlorida
_xHistory
_vJuvenile literature.
650 0 _aMissions, Spanish
_zFlorida
_xHistory
_vJuvenile literature.
650 0 _aIndians of North America
_xMissions
_zFlorida
_vJuvenile literature.
651 0 _aFlorida
_xHistory
_ySpanish colony, 1565-1763
_vJuvenile literature.
906 _a7
_bcbc
_corignew
_d1
_eecip
_f20
_gy-gencatlg
942 _2ddc
_cBK
_n0
999 _c1873
_d1873